| 000 | 01023cad a22002055a 4500 | ||
|---|---|---|---|
| 001 | L156477 | ||
| 008 | 120528e20120519xxk 000 0 eng d | ||
| 035 | _a(Sirsi) u156477 | ||
| 041 | 0 | _aeng | |
| 100 | 1 | _aHighmore, Sue | |
| 245 | 0 | 0 | _aTaking cover in the rain |
| 260 | _c2012 | ||
| 490 |
_aEstates Gazette _v(1220) 19 May 2012, 84-86(3) |
||
| 520 | _aThe Statement of Principles between the Association of British Insurers and the Government on flood insurance expires in June 2013 and is not due to be renewed. Assesses the impact for property owners trying to obtain affordable flood insurance for properties in a flood risk area. Looks at alternatives such as pooled insurance models and a system similar to the French system with a levy on every property paid into a fund to meet insurance claims on high risk properties. Highlights the importance of advising clients on flood risk. | ||
| 590 | _aKA | ||
| 651 | 4 |
_aUnited Kingdom _y |
|
| 690 |
_aHydrography _96245 |
||
| 690 |
_aInsurance _96249 |
||
| 942 | _n0 | ||
| 999 |
_c84035 _d84035 |
||